Catálogo

Vista normal Vista MARC

Entrada Personal Name

Número de registros utilizados en: 5

001 - CONTROL NUMBER

  • control field: 9806

003 - CONTROL NUMBER IDENTIFIER

  • control field: DLC

005 - DATE AND TIME OF LATEST TRANSACTION

  • control field: 20190816132127.0

008 - FIXED-LENGTH DATA ELEMENTS

  • fixed length control field: 931217n| acannaabn |a aaa

010 ## - LIBRARY OF CONGRESS CONTROL NUMBER

  • LC control number: n 93122306

035 ## - SYSTEM CONTROL NUMBER

  • System control number: (OCoLC)oca03516910

040 ## - CATALOGING SOURCE

  • Original cataloging agency: DLC
  • Language of cataloging: spa
  • Transcribing agency: Mx-PuUPA
  • Modifying agency: OCoLC
  • Modifying agency: MX-SlUA
  • Modifying agency: Mx-PuUPA
  • Description conventions: rda

100 1# - HEADING--PERSONAL NAME

  • Personal name: Baena Paz, Guillermina,

372 ## - FIELD OF ACTIVITY

  • Field of activity: Inteligencia emocional

374 ## - OCCUPATION

  • Occupation: Autor

375 ## - GENDER

  • Gender: mujer

377 ## - ASSOCIATED LANGUAGE

  • Language code: spa

400 1# - SEE FROM TRACING--PERSONAL NAME

  • Personal name: Paz, Guillermina Baena

400 1# - SEE FROM TRACING--PERSONAL NAME

  • Personal name: Baena, Guillermina

400 1# - SEE FROM TRACING--PERSONAL NAME

  • Personal name: Baena Paz, Guillermina María Eugenia

400 1# - SEE FROM TRACING--PERSONAL NAME

  • Personal name: Paz, Guillermina María Eugenia Baena

670 ## - SOURCE DATA FOUND

  • Source citation: La Confedaración General de Trabajadores, 1921-1931, 1982:
  • Information found: t.p. (Dra. Guillermina Baena Paz)

670 ## - SOURCE DATA FOUND

  • Source citation: Manual para elaborar trabajos de investigación documental, 1986:
  • Information found: t.p. (Guillermina Baena) p. 1 (Guillermina María Eugenia Baena Paz)

670 ## - SOURCE DATA FOUND

  • Source citation: Cómo desarrollar emocional: Guía para padres y maestros, 2003
  • Information found: t.p. (Guillermina Baena Paz) de portada

670 ## - SOURCE DATA FOUND

  • Source citation: Biblioteca del congreso (Estados Unidos), 16 agosto 2019:
  • Information found: Catálogo electrónico
  • Uniform Resource Identifier: http://bit.ly/2MtaQ2r